Kader - 1. FC Köln 2020/2021 - Statistiken

Allgemein
  • Dieses Quiz wurde 222 mal gespielt
  • Das Durchschnittsergebnis liegt bei 15 aus 30
Antwortstatistiken
# Position Antwort % Korrekt
23 LV Jannes Horn
99%
1 TW Timo Horn
99%
14 ZDM Jonas Hector
92%
2 RV Benno Schmitz
73%
11 LM Florian Kainz
70%
28 ZDM Ellyes Skhiri
66%
29 RM Jan Thielmann
62%
33 IV Sebastiaan Bornauw
60%
9 ST Sebastian Andersson
60%
5 IV Rafael Czichos
58%
18 ZOM Ondrej Duda
55%
21 ZM Salih Özcan
55%
16 TW Ron-Robert Zieler
54%
22 IV Jorge Meré
53%
19 RV Kingsley Ehizibue
53%
8 LM Ismail Jakobs
50%
3 LV Noah Katterbach
49%
6 ZDM Marco Höger
42%
24 ZOM Dominick Drexler
40%
25 RM Tim Lemperle
38%
43 ST Emmanuel Dennis
37%
31 RM Marius Wolf
33%
13 ZOM Max Meyer
26%
15 RM Dimitrios Limnios
25%
26 IV Sava-Arangel Cestic
25%
7 ST Tolu Arokodare
25%
32 TW Julian Krahl
24%
47 LM Marvin Obuz
23%
20 ZM Elvis Rexhbecaj
18%
4 IV Robert Voloder
13%
Keine übereinstimmenden Quizze gefunden
Verteilung der Resultate
Anzahl Personen mit jedem Resultat
Perzentil nach korrekt beantworteten Fragen
Ihre Resultats-Entwicklung
Sie haben dieses Quiz noch nicht gespielt